Visita del Embajador de los Estados Unidos
Descripción Física:
Il·lustracions
Colección:
San Jorge,
; núm. 19 (juliol 1955), pàg 76
Materias:
Lodge, John Davis, -- 1903-1985
; Visites oficials -- Barcelona (Catalunya)
; Ambaixadors -- Estats Units d'Amèrica
Idioma:
Español
MARC
| LEADER | 00000naa a2200000 a 4500 | ||
|---|---|---|---|
| 003 | Arxiu | ||
| 005 | 20260324181022.0 | ||
| 008 | 160829s1955 spcaxx s spa c | ||
| 040 | |a AGDB | ||
| 245 | 0 | 0 | |a Visita del Embajador de los Estados Unidos |
| 300 | |b Il·lustracions | ||
| 490 | |a San Jorge, |v núm. 19 (juliol 1955), pàg 76 | ||
| 600 | 1 | 0 | |9 55579 |a Lodge, John Davis, |d 1903-1985 |
| 650 | 0 | |a Visites oficials |9 31008 |z Barcelona (Catalunya) | |
| 650 | 0 | |a Ambaixadors |9 55580 |z Estats Units d'Amèrica | |
| 773 | |g Núm. 19 (juliol 1955), pàg 76 |t San Jorge. | ||
| 901 | |a Arxiu | ||
| 942 | |n 1 |2 udc |c ART | ||
| 952 | |0 0 |1 0 |4 0 |6 REV510 |7 1 |9 65258 |a Arxiu |b Arxiu |d 2023-02-09 |l 0 |o Rev-510 |r 2023-02-09 00:00:00 |w 2023-02-09 |y ARXIU |z També disponible a Rev-524 | ||
| 999 | |c 43370 |d 43370 | ||